000 01321nam0a22002891 4500
001 rc\3657924
005 20260406200949.0
021 _aRU
_b[71-33240]
035 _a(NLR Aleph) 007836394
090 _a9774688
_c9774688
100 _a20130115d1971 |||y0rusy50 ca
101 0 _arus
102 _aRU
105 _aa z |||||
200 1 _aКристаллизация и фазовые превращения
_e[Сборник статей
_fРед. акад. Н.Н. Сирота]
_gНауч. совет по полупроводникам АН СССР. Ин-т физики твердого тела и полупроводников АН БССР
210 _aМинск
_cНаука и техника
_d1971
215 _a375 с.
_cил.
_d22
320 _aСписки лит. в конце статей
606 _aКристаллы
_xФазовые превращения
_jСборники
_2psbo
606 _aКристаллизация
_jСборники
_2psbo
702 1 _aСирота
_bН.Н.
_gНиколай Николаевич
_4340
712 0 2 _aИнститут физики твердого тела и полупроводников
_cМинск
_3RU\NLR\AUTH\889960543
_9417366
801 0 _aRU
_bNLR
_gpsbo
801 1 _aRU
_bELAR
_2rusmarc
852 _aNLR
_j71-5/1964
942 _cBOOK
980 _aNB